BSOP header

Etika at pilosopiya sa kontekstong Pilipino / (Record no. 45404)

MARC details
000 -LEADER
fixed length control field 00676nam a22002170 4500
001 - CONTROL NUMBER
control field 9715420702
005 - DATE AND TIME OF LATEST TRANSACTION
control field 20190215143159.0
008 - FIXED-LENGTH DATA ELEMENTS--GENERAL INFORMATION
fixed length control field 970919s1995 ph eng
020 ## - INTERNATIONAL STANDARD BOOK NUMBER
International Standard Book Number 9715420702
050 00 - LIBRARY OF CONGRESS CALL NUMBER
Classification number BJ977.P6
Item number D4 1995
100 1# - MAIN ENTRY--PERSONAL NAME
Personal name De Castro, Leonardo D.
245 10 - TITLE STATEMENT
Title Etika at pilosopiya sa kontekstong Pilipino /
Statement of responsibility, etc Leonardo D. de Castro.
260 ## - PUBLICATION, DISTRIBUTION, ETC. (IMPRINT)
Place of publication, distribution, etc Quezon City :
Name of publisher, distributor, etc University of the Philippines Press,
Date of publication, distribution, etc 1995.
300 ## - PHYSICAL DESCRIPTION
Extent x, 344 p. ;
Dimensions 23 cm.
650 #0 - SUBJECT ADDED ENTRY--TOPICAL TERM
Topical term or geographic name as entry element Ethics.
650 #0 - SUBJECT ADDED ENTRY--TOPICAL TERM
Topical term or geographic name as entry element Ethics
Geographic subdivision Philippines.
650 #0 - SUBJECT ADDED ENTRY--TOPICAL TERM
Topical term or geographic name as entry element Philosophy.
650 #0 - SUBJECT ADDED ENTRY--TOPICAL TERM
Topical term or geographic name as entry element Philosophy, Philippine.
973 ## -
-- Vallente, Robert
-- 1997/09/19
974 ## -
-- Turla, Catherine
-- 2000/09/18

No items available.

BSOP

Biblical Seminary of the Philippines
  All rights Reserved
  © 2024

CONTACT INFORMATION

Biblical Seminary of the Philippines,
  77-B Karuhatan Road, Valenzuela City,
  PHILIPPINES 1441
  Phone: +632 8292-6795 / 8292-6798
  Fax : +632 8292-6675
  Email: library@bsop.edu.ph